000 00946nam a22002897i 4500
003 EG-GICUC
005 20260405165833.0
008 260405s1917 -ukadb|fr ||| 001 0 eng d
040 _aEG-GiCUC
_beng
_cEG-GiCUC
_dEG-GiCUC
_erda
041 _aeng
082 0 4 _221
_a341.511
_bBA . N
092 0 4 _221
099 _aLaw1 11 341.511 BA . N 1917
100 1 _aBarclay, Thomas
_eAuthor.
245 1 4 _aNew Methods Of Adjusting International Disputes And The Future /
_cBy Sir Thomas Barclay.
264 1 _aLondon :
_bConstable & Company ,
_c1917.
300 _a 206 pages,
_c24 cm.
336 _2rda content
_atext
337 _2rda media
_aComputer
338 _2rda carrier
_aOnline Resource
504 _aIncludes bibliographical references and index.
546 _aText in English
650 1 4 _aPublic international law
856 4 0 _uhttps://fll.law.cu.edu.eg/fulltext/bks/B11-07172.pdf
905 _a48
942 _2ddc
_cBK
_e21
_n0
999 _c69058
_d69058